Musiques sorties en 2025 - Statistiques

Statistiques générales
  • Ce quiz a été pris 953 fois
  • Le résultat moyen est 17 sur 50
Statistiques - réponses
Chanson Artiste % Correct
"NINAO" Gims
96%
"melodrama" Disiz/Theodora
89%
"PAY!" Théodora/Guy2Bezbar
82%
"Charger" Triangle des bermudes
69%
"KYKY2BONDY" Hamza
68%
"Abracadabra" Lady Gaga
68%
"NUEVAYoL" Bad Bunny
57%
"Baddies" Aya Nakamura/Joé Dwèt Filé
56%
"Pélican" L2B
53%
"The Fate of Ophelia" Taylor Swift
53%
"Les filles, les meufs" Marguerite
50%
"Azizam" Ed Sheeran
48%
"Gentil Garçon" Héléna
47%
"Maman" Louane
46%
"Phénoménal" Jul
45%
"Ma faute" Marine
45%
"Ordinary" Alex Warren
42%
"Manchild" Sabrina Carpenter
42%
"RUINART" R2
40%
"Anxiety" Doechii
38%
"Adriano" Niska
38%
"Génération Impolie" KeBlack/Franglish
37%
"Paris" Nono la Grinta
37%
"Soleil Bleu" Bleu Soleil/Luiza
35%
"BUSINESSMAN" La Mano 1.9
33%
"Tant pis pour elle" Charlotte Cardin
31%
"En boucle" GP Explorer/Adèle Castillon/Zamdane
31%
"Sports Car" Tate McRae
29%
"Midnight Sun" Zara Larsson
27%
"À tes côtés" Jungeli/Lenie
25%
"Man I Need" Olivia Dean
21%
"Sugar on My Tongue" Tyler, the Creator
21%
"Next Summer" Damiano David
20%
"Undressed" sombr
20%
"Poney" Werenoi
20%
"Fame Is a Gun" Addison Rae
19%
"Berghain" Rosalía/Björk/Yves Tumor
16%
"Daisies" Justin Bieber
15%
"Dracula" Tame Impala
15%
"Me Enamore" Ridsa
14%
"Beautiful People" David Guetta/Sia
10%
"Jealous Type" Doja Cat
10%
"Illegal" PinkPantheress
9%
"Love Hangover" Jennie/Dominic Fike
8%
"EVIL J0RDAN" Playboi Carti
7%
"DIMA RAVE" Ino Casablanca
6%
"Wake Me Up" The Weeknd/Justice
6%
"What Was That" Lorde
5%
"Eusexua" FKA Twigs
4%
"Sunshine & Rain..." Kali Uchis
1%
Aucun quiz correspondant
Distribution des résultats
% des personnes avec chaque résultat
Percentile par nombre de réponses
Votre historique - résultats
Vous n’avez pas pris ce quiz